000 00714nam a2200229Ia 4500
005 20230531140638.0
008 131103s9999 xx 000 0 und d
020 _a8170336309
_cRs. 625
040 _aLoreto College
041 _aEnglish
082 _a333.7
_bBAR
245 _aResource management and contours of development
_b Reflections through Macro-Micro Narratives
_cedited by B.C. Barik
260 _aJaipur and New Delhi
_bRawat Publications
_c2000
300 _a371p, tables 22 cm.
504 _aIncludes bibliographical references and index
630 _aEnvironment
650 _aResource Management
651 _aDevelopment
700 _aBarik, B.C., ed
850 _aLCLIB
942 _cBK
999 _c2322
_d52801